000 00635nam a2200217 a 4500
999 _c3120
_d3120
001 3120
003 BD-JhCC
005 20171119091301.0
008 171111s19601965bg |||| ||a| 000 0 ben d
035 _a(BD-JhCC)3120
040 _aBD-JhCC
_dBD-JhCC
041 _aben
082 _a891.442
_bBAG 1965
100 _aবাগচী, আনন্দমোহন
245 _aশেষ প্রহর /
_cআনন্দমোহন বাগচী,
260 _aবগুড়া,
_bসাহিত্য কুঠির,
_c1965
300 _a111 p. :
_c18 cm.
650 _aBengali Drama
942 _2ddc
_cBK